| 000 | 00515nam a22001697a 4500 | ||
|---|---|---|---|
| 020 | _a9698633006 | ||
| 082 |
_a624.1821 _bSID _cD |
||
| 100 |
_aZahid Ahmed siddiqi _943066 |
||
| 245 |
_aSteel Structures _cZahid Ahmed siddiqi |
||
| 260 |
_aLahore _bHelp civil engineering publisher _c2001 |
||
| 300 |
_axiii, 411 p. _bill. _c28 cm. |
||
| 526 |
_a0 _b0 _c0 _d624_182100000000000_SID |
||
| 526 |
_a0 _b0 _c0 _d624_182100000000000_SID |
||
| 526 |
_a0 _b0 _c0 _d624_182100000000000_SID |
||
| 650 |
_aD _96527 |
||
| 942 |
_2ddc _cBK |
||
| 999 |
_c546864 _d546864 |
||